Príručka pre inštruktorov metodická príručka pre inštruktorov 1. a 2. ročníkov stredných škôl - RADIM

Bibliographic Details
Other Authors: Hollá, Margita (Translator)
Format: Book
Language:Slovak
Czech
PhysicalDescription:31 s. 21 cm
Published: Bratislava Smena 1989
ISBN:8022101273
Edition:3. vyd.
Series:Aktuality

MARC

LEADER 00000cam a2200000 a 4500
001 vtls001061894
003 SK-MaSNL
005 20260302030443.0
008 250414s1989 xo f 000 0 slo
015 |a SNBA1990/08 
020 |a 8022101273  |q (brož.) 
035 |a 14C8E7D2-48EB-4F79-8E84-C3CC9FF91811 
035 |a SNK000004722 
035 |a urn:nbn:sk:snk-am003ipq 
035 |a urn:nbn:sk:snk-amjajm 
040 |a SNK  |b slo  |c SNK  |e AACR2 
041 1 |a slo  |h cze 
044 |a xo  |c SK 
080 |a 371.8:373.5(041)  |2 1981 
080 |a 373.5(041)  |2 1981 
130 0 |a Metodická příručka pro instruktory I. a II. ročníku středních škol - RADIM  |l Slovensky  |9 677243 
245 0 0 |a Príručka pre inštruktorov  |b metodická príručka pre inštruktorov 1. a 2. ročníkov stredných škôl - RADIM  |c [z českého originálu preložila Margita Hollá] 
250 |a 3. vyd. 
260 |a Bratislava  |b Smena  |c 1989  |e Bratislava  |f Pravda 
300 |a 31 s.  |c 21 cm 
366 |e 5000 výt. 
490 1 |a Aktuality 
500 |a Ilustr. na front. 
700 1 |a Hollá, Margita  |4 trl  |9 280255 
830 0 |a Aktuality  |9 275567 
852 |a Slovenská národná knižnica 
919 |a 80-221-0127-3 
958 |a EUIPO 
958 |a OND 
958 |a CZ 
958 |a OP 
958 |a SK 
968 |a SLO  |b ČES 
999 |c 1047413  |d 1049343 
952 |t P60, <04>, [BOOK], {604}  |a SNK  |b SNK  |y VYP  |7 0  |p 17A0340096  |o snkSC 77168 D1  |i snkKSP 4275/2002  |0 0  |1 0  |4 0  |d 2002-04-15  |f 1  |l 0  |r 2004-12-31 00:00:00  |w 2026-02-24 
952 |a SNK  |b SNK  |y PREZ  |7 0  |p 17A0965770  |o snkSC 77168   |0 0  |1 0  |4 0  |d 2012-08-13  |l 0  |r 2026-02-24 14:44:57  |w 2026-02-24